000 00633nam a2200229Ia 4500
005 20250508164115.0
008 008 250505s9999 xx 000 0 eng d
020 _a0-8264-4863-1
037 _aReference
040 _aFEDL
_beng
_cFEDL
041 _aeng
_2eng
084 _a153.35, CRA
_qFEDL
100 _aCraft Anna Ed.
_9777342
245 0 _aCreativity in education
260 _aLondon, UK
_bContinuum
_c2001
300 _axviii, 204p.
365 _aGBP
_b16.99
650 _aCreativity
700 _a Jeffrey Bob Ed. Leibling Mike Ed.
_9777343
942 _cREF
_h153.35, CRA
999 _c1387093
_d1387093